000 00617nam a2200205Ia 4500
005 20250923145349.0
008 008 250917s9999 xx 000 0 eng d
037 _aTextual
040 _aDSWL
_beng
_cDSWL
041 _aeng
_2eng
084 _aY:33:7:7.2, N77
_qDSWL
100 _aSubhash, Chandra
_9834522
245 0 _aSocial participation in urban neighbourhoods
_c by Chandra Subhash
260 _aNew Delhi
_b National Publishing House
_c1977
300 _axvii,233 p.
365 _aINR
_b41 . 40
925 _g41 . 40
942 _cTEXL
_hY:33:7:7.2, N77
999 _c1450487
_d1450487